| 000 | 00386nam a2200157Ia 4500 | ||
|---|---|---|---|
| 005 | 20240807062226.0 | ||
| 008 | 240806s9999||||xx |||||||||||||| ||eng|| | ||
| 041 | _aeng | ||
| 082 |
_a294.3 _bSANP |
||
| 100 | _aRahul Sankrityan | ||
| 245 | 0 |
_aPanch bouddh darshanik / _cRahul Sankrityan |
|
| 260 | _bVani Prakashan Delahi | ||
| 300 | _a101 | ||
| 650 | _aGeneral Studies | ||
| 942 | _cBK | ||
| 999 |
_c12344 _d12344 |
||